000 00315nam a22001457a 4500
008 210507b ||||| |||| 00| 0 eng d
020 _a9780756604813
041 _aeng
080 _a91
082 _a91
100 _a42
101 _aGJEO
245 _aWorld Reference Atlas
_cAndrew Heritage
942 _2udc
_cBK
999 _c57090
_d57090